Score 0/100 Timer 10:00
0 Plays Today
Rank Name % Correct
70José
82.7%
1Marc
81%
4Pau
74.5%
57Carlos
72.4%
76Juan
71.3%
13David
71.1%
17Jordi
70%
11Daniel
65.4%
2Àlex
65.2%
24Joan
65.2%
94Josep
63.5%
46Albert
60.7%
61Xavi
59.6%
63Miguel
56.8%
33Sergi
56.6%
34Pablo
55.9%
8Martí
54.9%
25Víctor
54%
58Javier
53.8%
42Xavier
51.8%
3Pol
51%
12Gerard
51%
68Antonio
50.3%
22Alejandro
49.2%
72Miquel
46.2%
59Sergio
46%
66Marcos
46%
64Leo
44.9%
85Manuel
44.1%
15Oriol
43.2%
89Pere
42.8%
21Adrià
41.9%
88Jaume
40.6%
37Lucas
40%
Rank Name % Correct
6Arnau
39.3%
5Eric
38.4%
30Ivan
37.8%
52Gabriel
36.9%
29Guillem
36.7%
54Diego
36.7%
84Cristián
36.5%
48Òscar
36.1%
62Samuel
35.6%
28Roger
34.8%
65Àngel
34.3%
55Raül
33.3%
18Aleix
33%
31Adrián
32.4%
40Mario
32.2%
87Enric
32.2%
100Guillermo
30%
9Jan
29.4%
26Mohamed
29.4%
14Iker
29.2%
51Nicolàs
27.6%
53Isaac
27.6%
95Mateo
27.4%
23Joel
27.2%
7Biel
27%
60Ferran
26.8%
10Hugo
25.7%
36Hèctor
25.7%
50Lluc
24.8%
39Max
24.2%
45Álvaro
22.9%
97Kevin
22.9%
79Quim
22.2%
20Nil
21.8%
Rank Name % Correct
93Marcel
21.4%
56Bernat
21%
16Adam
20.5%
47Dídac
20.5%
41Bruno
19.4%
38Erik
18.6%
43Ian
18.1%
67Rubèn
18.1%
74Roc
17.3%
44Aaron
16.6%
49Eloi
15.8%
27Aitor
15.1%
73Omar
14.5%
69Ismael
14.3%
19Izan
13.2%
77Alan
12.3%
75Edgar
11%
32Unai
10.8%
86Axel
10.4%
99Teo
10.4%
90Aniol
8.9%
96Aran
8.9%
98Gael
8.2%
82Asier
5%
91Julen
4.8%
80Youssef
4.1%
35Rayan
3%
71Anas
1.7%
92Genís
1.5%
78Bilal
1.3%
83Ayman
0.9%
81Àyoub
0.6%
Remove Ads.
Support Sporcle.
Get the best of Sporcle when you Go Orange. This ad-free experience offers more features, more stats, and more fun while also helping to support Sporcle. Thank you for becoming a member.

You're not logged in!

Compare scores with friends on all Sporcle quizzes.
OR
Log In

Show Comments

Extras

Top Quizzes Today


Score Distribution

Your Account Isn't Verified!

In order to create a playlist on Sporcle, you need to verify the email address you used during registration. Go to your Sporcle Settings to finish the process.

Report this User

Report this user for behavior that violates our Community Guidelines.

Details: